COMMUNITY participation in project management : the Asian experience

Bibliographic Details
Other Authors: Bamberger, Khalid Shams
Format: Book
Published: Kuala Lumpur : Asian and Pacific Development Centre ; [Washington, D.C.] : Economic Development Institute of the World Bank , 1989
Subjects:

MARC

LEADER 00000cam a2200000 7i4500
001 0000002734
005 20031231.0
090 0 0 |a 307.14095   |b COM 1989 
245 0 0 |a COMMUNITY participation in project management :   |b the Asian experience   |c [edited by] Michael Bamberger, Khalid Shams 
260 0 0 |a Kuala Lumpur :   |b Asian and Pacific Development Centre ; [Washington, D.C.] : Economic Development Institute of the World Bank ,   |c 1989 
300 |a vi, 231 p. :   |b ill. ;   |c 26 cm. 
500 0 0 |a Includes bibliographical references (p. [225]-226) and index 
650 0 0 |a Community development   |z Asia   |x Congresses 
700 0 1 |a Bamberger   |h Michael 
700 0 1 |a Khalid Shams 
998 |a JPSM 
999 |a 0000004445   |b Monograph   |c Open Shelf   |e Default branch